| 000 | 00413nam a2200181Ia 4500 | ||
|---|---|---|---|
| 008 | 180207s9999 xx 000 0 und d | ||
| 020 | _a9780749710217 | ||
| 050 | _bC689 1991 | ||
| 100 | _aCole, Babette | ||
| 245 | _aTarzanna! / | ||
| 245 | _cby Babette Cole. | ||
| 260 | _aLondon : | ||
| 260 | _bMammoth, | ||
| 260 | _c1991 | ||
| 300 | _aunpaged : | ||
| 300 | _bcolor illustration ; | ||
| 300 | _c19cm. | ||
| 999 |
_c355543 _d355543 |
||